[Event "Titled Tuesday intern op 20th Aug Early"]
[Site "Chess.com INT"]
[Date "2024.08.20"]
[Round "4"]
[White "Palmer, Reegan"]
[Black "Tang, Zoey"]
[Result "1-0"]
[WhiteElo "1959"]
[BlackElo "2212"]
[PlyCount "83"]
[EventDate "2024.08.20"]
[EventType "swiss (blitz)"]
[EventRounds "11"]
[EventCountry "USA"]
[SourceTitle "EXT 2025"]
[Source "ChessBase"]
[SourceDate "2024.10.14"]
[SourceVersion "1"]
[SourceVersionDate "2024.10.14"]
[SourceQuality "1"]

1. e4 c5 2. c4 Nc6 3. Nc3 g6 4. g3 Bg7 5. Bg2 e6 6. Nge2 Nge7 7. 0-0 0-0 8. d3 b6 9. f4 Bb7 10. h3 Nd4 11. Be3 d5 12. cxd5 exd5 13. e5 Nxe2+ 14. Nxe2 f6 15. d4 Nf5 16. Bf2 fxe5 17. dxe5 Qd7 18. g4 Ne7 19. Bg3 Rad8 20. Nc3 d4 21. Ne4 Nd5 22. Qb3 Kh8 23. Ng5 h6 24. e6 Qe7 25. Nf7+ Rxf7 26. exf7 Qxf7 27. f5 g5 28. Rae1 Ba6 29. f6 Bf8 30. Rf5 c4 31. Qa4 Bb7 32. Qxc4 Bc5 33. Re7 Bxe7 34. fxe7 Qxe7 35. Bxd5 Bxd5 36. Qxd4+ Kh7 37. Rxd5 Rxd5 38. Qxd5 Qe3+ 39. Bf2 Qxh3 40. Qf5+ Kg8 41. Qe6+ Kh7 42. Qf7+ 1-0

[Event "North American-ch U20"]
[Site "Calgary"]
[Date "2024.08.17"]
[Round "7"]
[White "Zhou, Liran"]
[Black "Tang, Zoey"]
[Result "0-1"]
[WhiteElo "2401"]
[BlackElo "2212"]
[PlyCount "110"]
[EventDate "2024.08.14"]
[EventType "swiss"]
[EventRounds "9"]
[EventCountry "CAN"]
[SourceTitle "CBM 221 Extra"]
[Source "ChessBase"]
[SourceDate "2024.09.30"]
[SourceVersion "1"]
[SourceVersionDate "2024.09.30"]
[SourceQuality "1"]

1. e4 c5 2. Nf3 Nc6 3. Bb5 e6 4. 0-0 Nge7 5. Re1 Nd4 6. Nxd4 cxd4 7. c3 a6 8. Ba4 b5 9. Bc2 Nc6 10. d3 Bc5 11. Nd2 0-0 12. a4 Bb7 13. Qh5 f5 14. axb5 axb5 15. Rxa8 Qxa8 16. c4 bxc4 17. Nxc4 Bb4 18. Rd1 Ne7 19. Qe2 Bc5 20. Bd2 fxe4 21. dxe4 d5 22. exd5 Bxd5 23. Bd3 Bxg2 24. Qxe6+ Kh8 25. Ne5 Bd5 26. Qg4 Bd6 27. Re1 Qb7 28. b4 Qa7 29. Qh4 Bg8 30. Nc4 Qa2 31. Rxe7 Bxe7 32. Qxe7 Rf3 33. Be4 Rf6 34. Qd8 Qxc4 35. Bg5 Ra6 36. Kg2 Ra1 37. f3 Qf1+ 38. Kg3 Qg1+ 39. Kh3 Qf1+ 40. Kg3 Qc4 41. Kg2 h6 42. Bf4 Qe2+ 43. Kh3 Qf1+ 44. Kg4 Qc4 45. Bg3 Qe6+ 46. Bf5 h5+ 47. Kg5 Qh6+ 48. Kh4 Qf6+ 49. Qxf6 gxf6 50. b5 Bd5 51. Kxh5 Kg7 52. Kg4 Rf1 53. Bf4 Rxf3 54. Bd7 Rb3 55. Bc6 Be6+ 0-1

[Event "Titled Tuesday intern op 13th Aug Early"]
[Site "Chess.com INT"]
[Date "2024.08.13"]
[Round "2"]
[White "Chong, Kai Ni Agnes"]
[Black "Tang, Zoey"]
[Result "0-1"]
[WhiteElo "1828"]
[BlackElo "2212"]
[PlyCount "72"]
[EventDate "2024.08.13"]
[EventType "swiss (blitz)"]
[EventRounds "11"]
[EventCountry "USA"]
[SourceTitle "EXT 2025"]
[Source "ChessBase"]
[SourceDate "2024.10.14"]
[SourceVersion "1"]
[SourceVersionDate "2024.10.14"]
[SourceQuality "1"]

1. d4 d5 2. c4 c6 3. Nf3 Nf6 4. Nc3 dxc4 5. a4 e6 6. Ne5 c5 7. dxc5 Qxd1+ 8. Nxd1 Bxc5 9. Nxc4 Nc6 10. Be3 Bb4+ 11. Nc3 Nd5 12. Bd2 Nxc3 13. Bxc3 Bxc3+ 14. bxc3 Ke7 15. g3 b6 16. Bg2 Bb7 17. 0-0 Rac8 18. a5 b5 19. a6 Ba8 20. Na3 b4 21. cxb4 Nxb4 22. Nb5 Bxg2 23. Kxg2 Rc2 24. Nxa7 Ra8 25. Nb5 Rxa6 26. Nd4 Rca2 27. Rab1 Nd5 28. Rb7+ Kf6 29. Re1 e5 30. Nb3 Nc3 31. Nc5 Rc6 32. Nd7+ Kf5 33. Kf1 Ne4 34. Nf8 f6 35. Nxh7 Rc8 36. Rxg7 Rcc2 0-1